|
|
|
|
| LEADER |
00851cam a2200253 7i4500 |
| 001 |
0000027941 |
| 005 |
20100727090000.0 |
| 008 |
090910 eng |
| 020 |
|
|
|a 9780415355391 (pbk.)
|
| 040 |
|
|
|a OhCoOLI
|
| 090 |
0 |
0 |
|a H62
|b .W77 2006
|
| 100 |
1 |
|
|a Woods, Peter
|
| 245 |
1 |
0 |
|a Successful writing qualitative researchers
|c Peter Woods.
|
| 250 |
|
|
|a 2nd ed.
|
| 260 |
|
|
|a LondonbRoutledge,
|c 2006.
|
| 300 |
|
|
|a xii, 182 p.:
|b ill.;
|c 25 cm.
|
| 490 |
0 |
|
|a Routledge study guides
|
| 504 |
|
|
|a Includes bibliographical references and index
|
| 650 |
0 |
0 |
|a Social sciences --
|x Research
|
| 650 |
0 |
0 |
|a Report writing
|
| 997 |
|
|
|a Centre for Graduate Studies
|
| 997 |
|
|
|a Unisel Graduate School Management
|
| 999 |
|
|
|a 0000037224
|b BOK
|c OPEN SHELF
|e 1st Floor, Bestari Jaya
|
| 999 |
|
|
|a 0000041007
|b BOK
|c OPEN SHELF
|e 1st Floor, Shah Alam
|